000 00697aam a2200313a 44500
008 930106s1989 cat
041 _acat
041 _beng
080 _a336(038)
245 _aGuia de termes financers
260 _a[S.l.]
260 _bAVUI
260 _bCaixa de Manresa
260 _c1989
300 _a45 p.
_c15 x 21 cm
520 _aaprox. 800
591 _a2028
592 _aObra terminològica
593 _aNA
593 _aNE
594 _a2028
650 _aeconomia
_961454
650 _afinances
_960713
901 _c[<1989>]
902 _a930106
942 _cMO
_n0
999 _c54494
_d54494